Ilustración de aves, comunicación científica y su difusión en la zona cafetera de Colombia / (Registro nro. 19809)

Detalles MARC
000 -CABECERA
Campo de control 01247nab a2200217 4500
005 - FECHA Y HORA DE LA ULTIMA TRANSACCION
Campo de control 20170906094609.0
008 - ELEMENTOS DE LONGITUD FIJA—INFORMACION GENERAL
Campo de control 170906s ck a||||r|||| 00| 0 spa d
040 ## - FUENTE DE CATALOGACIÓN
Agencia catalogadora original CO-BoIAVH
Agencia transcriptora CO-BoIAVH
041 0# - IDIOMA
Código de idioma para texto/pista de sonido o título separado Español
044 ## - PAÍS DE PUBLICACIÓN
País de publicación Colombia
100 1# - ASIENTO PRINCIPAL--NOMBRE PERSONAL
Nombre personal Córdoba Córdoba, Sergio
Término relacionado autor
9 (RLIN) 4824
245 10 - MENCION DE TITULO
Título Ilustración de aves, comunicación científica y su difusión en la zona cafetera de Colombia /
Mención de responsabilidad Sergio Córdoba
260 ## - PUBLICACION, DISTRIBUCION, ETC. (PIE DE IMPRENTA)
Lugar de publicación, distribución, etc. Bogotá (Colombia) :
Nombre del editor, distribuidor, etc. Banco de la República,
Fecha de publicación, distribución, etc. 2016.
300 ## - DESCRIPCION FISICA
Extensión páginas 33-44 ;
Otros detalles físicos ilustraciones a color
520 2# - NOTA DE RESUMEN, ETC.
Nota de resumen Existe una estrecha relación entre la ciencia y el arte de la comunicación gráfica. La posibilidad de transmitir a aquellos que se encuentran a grandes distancias información sobre especies, paisajes y entorno de regiones a los cuales solo unos pocos han tenido la fortuna de conocer, ha hecho posible que se amplíe el conocimiento de las regiones, la fauna y la flora del planeta.
650 26 - ASIENTO SECUNDARIO DE MATERIA - TERMINO TEMATICO
Término temático o nombre geográfico como elemento de entrada Aves
Subdivisión general Ilustración científica
9 (RLIN) 84070
650 26 - ASIENTO SECUNDARIO DE MATERIA - TERMINO TEMATICO
Término temático o nombre geográfico como elemento de entrada Ornitología
Subdivisión general Ilustración científica
9 (RLIN) 84071
650 26 - ASIENTO SECUNDARIO DE MATERIA - TERMINO TEMATICO
Término temático o nombre geográfico como elemento de entrada Ciencia
Subdivisión general Comunicación gráfica
9 (RLIN) 84072
773 0# - Item fuente:
Lugar, editorial y fecha de publicación Bogotá Biblioteca Luis Angel Arango. 1958 -
Otro identificador del ítem - Codigo de Barras 041646
Título Boletín cultural y bibliográfico BLAA
International Standard Serial Number 00066184
942 ## - ELEMENTOS ADICIONALES (KOHA)
Sistema de clasificación Local
Tipo de ítem Artículo

No hay ítems disponibles.